Derechos reales /

Guardado en:
Autor Principal: Cossari, Nelson G. A.
Otros Autores: Cossari, Leandro R. N.
Formato: Libro
Idioma:Spanish
Publicado: Ciudad Autónoma de Buenos Aires : Abeledo Perrot, 2017
Edición:1a. ed.
Series:Derecho civil y comercial
Materias:
Etiquetas: Agregar Etiqueta
Sin Etiquetas, Sea el primero en etiquetar este registro!
LEADER 00671nam a22002175a 4500
001 DER.der013567
008 180615s2017####ag#####|###|#|######spa||
005 20230606090737.0
245 1 0 |a Derechos reales /  |c Cossari, Nelson G. A. 
250 |a 1a. ed. 
260 |a Ciudad Autónoma de Buenos Aires :  |b Abeledo Perrot,  |c 2017 
300 |a 994 p. 
490 1 |a Derecho civil y comercial 
020 |a 978-950-20-2888-0 
100 1 |a Cossari, Nelson G. A. 
700 1 |a Cossari, Leandro R. N. 
700 1 |a Rivera, Julio César,  |e dir. 
700 1 |a Medina, Graciela,  |e dir. 
650 7 |a DERECHO CIVIL 
650 7 |a DERECHOS REALES 
859 |a DERECHO  |b BIB. DERECHO  |h 348.023  |i COS  |p 008576